Statistics for Roblox Emergency Response Liberty County Quiz

Click here to take the quiz!

General Stats

  • This quiz has been taken 7 times
    (5 since last reset)
  • The average score is 6 of 313

Answer Stats

HintAnswer% Correct
Fire & Rescue ItemsLadder
50%
Law Enforcement VehiclesSWAT Truck
50%
Civilian WeaponsAK-47
25%
Civilian WeaponsBeretta M9
25%
Retired VehiclesBugatti Chiron
25%
Law Enforcement VehiclesChallenger
25%
Civlian VehiclesChallenger SRT Hellcat
25%
Fire & Rescue | Law Enforcement VehiclesCharger
25%
Retired VehiclesChevrolet Corvette ZR1
25%
Retired VehiclesChevrolet Impala
25%
Department of Transportation Items | Fire & Rescue Items | Law Enforcement ItemsCones
25%
Civlian Vehicles | Law Enforcement VehiclesCrown Victoria
25%
Civilian ItemsDrill
25%
Fire & RescueFire Engine
25%
Fire & RescueInternational Ambulance
25%
Fire & RescueLadder Truck
25%
Civilian ItemsLockpick
25%
Fire & RescueTanker
25%
Law Enforcement Vehicles2013 Explorer
0%
Law Enforcement Vehicles2020 Explorer
0%
Law Enforcement Vehicles2021 Tahoe
0%
Civlian Vehicles300C
0%
Civlian Vehicles4Runner
0%
Civlian Vehicles675LT
0%
Civlian VehiclesAltima
0%
Civilian ItemsAmmo Box
0%
Civlian VehiclesAvalanche
0%
Civlian VehiclesAventador
0%
Fire & Rescue ItemsBackboard
0%
Civilian Job VehiclesBank Truck
0%
Department of Transportation ItemsBarrel Cones
0%
Civilian ItemsBarricade
0%
Civilian ItemsBaseball Bat
0%
Law Enforcement ItemsBattering Ram
0%
Law Enforcement ItemsBeanbag Shotgun
0%
Civlian VehiclesBronco
0%
Civilian ItemsBurger
0%
Retired VehiclesCadillac DTS
0%
Civlian Vehicles | Law Enforcement VehiclesCamaro
0%
Civlian VehiclesCamaro ZL1
0%
Civilian ItemsCamera
0%
Civlian Vehicles | Law Enforcement VehiclesCaprice
0%
AttractionsCar Dealership
0%
Civlian VehiclesCayenne Turbo
0%
Fire & Rescue ItemsChainsaw
0%
Civlian VehiclesChallenger SRT8
0%
Department of Transportation ItemsChange Tire
0%
AttractionsChannel 5 News Station
0%
Civlian VehiclesCharger Hellcat Widebody
0%
Civlian VehiclesCharger RT
0%
Law Enforcement VehiclesCharger Widebody
0%
Retired VehiclesChevrolet Avalanche
0%
Retired VehiclesChevrolet Express
0%
Retired VehiclesChevrolet Silverado
0%
Retired VehiclesChevrolet Surbuban
0%
Fire & Rescue | Retired VehiclesChevrolet Tahoe
0%
Civilian ItemsChinese Dragon
0%
Civlian VehiclesChiron Pur Sport
0%
Law Enforcement ItemsCitation Book
0%
AttractionsCity Gas
0%
AttractionsCity Park
0%
Civlian VehiclesCivic
0%
Civlian VehiclesClassic Shelby GT350
0%
Civilian ItemsClipboard
0%
Civilian WeaponsColt M1911
0%
Civilian WeaponsColt Python
0%
Department Of TransportationCone Truck
0%
Civlian VehiclesContinental
0%
Law Enforcement VehiclesCorvette
0%
Civlian VehiclesCorvette C1
0%
Civlian VehiclesCorvette C8
0%
Civlian VehiclesCorvette ZR1
0%
AttractionsCounty Gas
0%
Civilian ItemsCroissant
0%
Civlian VehiclesCT5-V Blackwing
0%
Civilian ItemsCup
0%
Civilian WeaponsDeagle
0%
Fire & Rescue ItemsDeployable Tent
0%
UniformsDetective Uniform
0%
Retired VehiclesDodge Challenger SRT
0%
Civlian VehiclesDodge Challenger SRT Hellcat Widebody
0%
Retired VehiclesDodge Charger Hellcat
0%
Retired VehiclesDodge Dart
0%
Civilian ItemsDonut
0%
AttractionsDOT Building
0%
AttractionsDowntown Park
0%
Civilian ItemsDrink
0%
Civilian Job VehiclesDump Truck
0%
Law Enforcement VehiclesDurango
0%
Civlian VehiclesDurango RT
0%
Civlian VehiclesE Class AMG
0%
Retired VehiclesEctomobile
0%
Civlian VehiclesEscalade-V
0%
Law Enforcement ItemsEvidence Markers
0%
Civlian Vehicles | Law Enforcement VehiclesExpedition
0%
Civlian VehiclesExpedition MAX
0%
Civlian Vehicles | Law Enforcement VehiclesExplorer
0%
Civlian Vehicles | Law Enforcement VehiclesExpress
0%
Fire & Rescue ItemsEyesheid
0%
Law Enforcement VehiclesF-150
0%
Civlian VehiclesF150
0%
Civlian VehiclesF-150 Raptor
0%
Fire & RescueF-250
0%
Law Enforcement WeaponsFabarm FP6
0%
Retired VehiclesFalcon Stallion 500
0%
AttractionsFarms
0%
Civilian Job VehiclesFarm Tractor
0%
Staff VehiclesFerrari F8 Tributo
0%
Civlian VehiclesFirebird TransAm
0%
Fire & Rescue ItemsFire Hose
0%
Civilian ItemsFireworks
0%
Fire & Rescue Items | Law Enforcement ItemsFlares
0%
Civilian Items | Fire & Rescue Items | Law Enforcement ItemsFlashlight
0%
Department Of TransportationFlatbed Tow Truck
0%
Law Enforcement WeaponsFN Five-Seven
0%
Civilian ItemsFoam Wash
0%
Civilian ItemsFood Tray
0%
Civilian Job VehiclesFood Truck
0%
Retired VehiclesFord Expedition
0%
Fire & RescueFord F-150
0%
Retired VehiclesFord F150 Raptop
0%
Department Of TransportationFord F-20
0%
Fire & RescueFord F-250 Super Duty
0%
Department Of TransportationFord F450
0%
Department Of TransportationFord F450 Tow Truck
0%
Fire & RescueFord F-550 XLT Wildland
0%
Civilian Job VehiclesForklift
0%
Civilian ItemsFries
0%
Civilian Job VehiclesFront Loader Tractor
0%
Civilian Job VehiclesFuel Tanker
0%
UniformsFull Reflective Uniform
0%
UniformsFull Turnout Gear
0%
Civilian Job VehiclesGarbage Truck
0%
Civilian ItemsGarden Tool
0%
Department of Transportation ItemsGas Can
0%
AttractionsGas Depot
0%
Civilian ItemsGhost Vacuum
0%
Law Enforcement WeaponsGlock 17
0%
Retired VehiclesGMC Sierra
0%
Civlian VehiclesGrand Cherokee
0%
Civlian VehiclesGT
0%
Civlian VehiclesGTR
0%
UniformsHalloween Uniform
0%
Civilian ItemsHammer
0%
Law Enforcement ItemsHandcuffs
0%
Department of Transportation ItemsHard Hat
0%
UniformsHAZMAT Level A Suit
0%
UniformsHAZMAT Level B Suit
0%
Fire & Rescue ItemsHAZMAT Neutralizer
0%
Fire & RescueHeavy Rescue
0%
AttractionsHospital
0%
AttractionsHousing Suburbs
0%
Civlian Vehicles | Retired VehiclesHummer H3
0%
Civlian VehiclesImpala
0%
Civilian ItemsJackhammer
0%
Retired VehiclesJeep Grand Cherokee
0%
AttractionsJewerly Store
0%
Civlian VehiclesK10
0%
Civilian ItemsKnife
0%
Civilian WeaponsKRISS Vector SMG
0%
Retired VehiclesLamborghini Reventon
0%
Civilian ItemsLantern
0%
Civilian WeaponsLeMat Revolver
0%
AttractionsLiberty Cafe
0%
AttractionsLiberty County Jail
0%
AttractionsLiberty County River
0%
AttractionsLiberty County Sheriff’s Office
0%
AttractionsLiberty Guns and Ammo
0%
Fire & Rescue ItemsLife Ring
0%
Fire & Rescue ItemsLife Vest
0%
Civilian Job VehiclesLimo
0%
Civilian WeaponsLMR L129A1
0%
Civilian WeaponsM14
0%
Law Enforcement WeaponsM4A1
0%
Civilian ItemsMail
0%
Civilian Job VehiclesMail Truck
0%
Civilian Job VehiclesMail Van
0%
Fire & Rescue ItemsMask
0%
Department of Transportation Items | Fire & Rescue ItemsMDT
0%
Law Enforcement ItemsMDT (Mobile Data Terminal)
0%
Fire & Rescue ItemsMedic Bag
0%
Civlian VehiclesMercedes AMG GT-Class
0%
Civilian ItemsMicrophone
0%
Law Enforcement VehiclesMobile Command Unit
0%
Law Enforcement WeaponsModel 29
0%
AttractionsMod Shop
0%
Law Enforcement WeaponsMP5
0%
Civlian VehiclesMR2 W10
0%
Law Enforcement VehiclesMustang
0%
Civlian VehiclesMustang Shelby GT350
0%
Retired VehiclesMustang Shelby GT500
0%
Civilian Job VehiclesNews Van
0%
Civlian VehiclesNSX
0%
Law Enforcement WeaponsOrsis T 5000
0%
Civilian ItemsOtoscope
0%
Civilian ItemsPanel Barricade
0%
Fire & RescueParamedic SUV
0%
AttractionsParking Garage
0%
Law Enforcement ItemsPepper Spray
0%
Civilian ItemsPie
0%
Law Enforcement ItemsPolice Tape
0%
AttractionsPower Plant
0%
Civilian WeaponsPPSh-41
0%
Civlian VehiclesPrius
0%
Civlian VehiclesQ8
0%
Law Enforcement VehiclesQ8 Progressiv
0%
Civilian VehiclesR8
0%
Civlian VehiclesR8 Coupe
0%
Law Enforcement ItemsRadar Gun
0%
Civilian ItemsRake
0%
Civlian VehiclesRam 1500
0%
Law Enforcement VehiclesRam 4x4
0%
Fire & RescueRam Ambulance
0%
Civlian VehiclesRange Rover
0%
Civilian ItemsRazor
0%
UniformsReflective Vest
0%
Civilian WeaponsRemington 870
0%
Civilian WeaponsRemington MSR
0%
Civilian ItemsRFID Disrupter
0%
Law Enforcement ItemsRiot Shield
0%
AttractionsRiver City Apartment
0%
AttractionsRiver City Bank
0%
AttractionsRiver City Court
0%
AttractionsRiver City DMV
0%
AttractionsRiver City Fire & Rescue
0%
AttractionsRiver City Police Department
0%
Department of Transportation ItemsRoad Barrier
0%
Department of Transportation ItemsRoad Sign
0%
Civlian VehiclesS3 Sedan
0%
Civlian VehiclesS5 Convertible
0%
Fire & Rescue ItemsSafety Rope
0%
Department Of TransportationSalt Truck
0%
Law Enforcement WeaponsSauer P226
0%
Civilian ItemsScanner
0%
Fire & Rescue ItemsSCBA Gear
0%
Law Enforcement WeaponsShield 9
0%
AttractionsShopping Outlet
0%
Civilian ItemsShovel
0%
Civilian Job VehiclesShuttle Bus
0%
Civlian Vehicles | Law Enforcement VehiclesSilverado
0%
Department of Transportation ItemsSkinny Cones
0%
Civilian WeaponsSkorpion
0%
Civlian VehiclesSLS
0%
AttractionsSmall Trailer Park
0%
Civilian ItemsSnowball
0%
Law Enforcement WeaponsSPAS-12
0%
Fire & RescueSpecial Operations Unit
0%
Civilian ItemsSpray Can
0%
AttractionsSpringfield Gas
0%
AttractionsSpringfield Parking Garage
0%
UniformsStandard Uniform
0%
UniformsStation Uniform
0%
Civilian ItemsStethoscope
0%
Law Enforcement ItemsStop Stick
0%
Department Of TransportationStreet Sweeper
0%
Fire & Rescue ItemsStretcher
0%
Civlian VehiclesSupra
0%
Law Enforcement ItemsSWAT Ballistic Shield
0%
Law Enforcement WeaponsSWAT G36C
0%
UniformsSWAT Uniform
0%
Law Enforcement ItemsSWAT Vest
0%
Civlian VehiclesTacoma
0%
Civlian Vehicles | Law Enforcement VehiclesTahoe
0%
Law Enforcement ItemsTaser
0%
Law Enforcement VehiclesTaurus
0%
Civilian Job VehiclesTaxi Sedan
0%
Civilian Job VehiclesTaxi SUV
0%
Civilian WeaponsTEC-9
0%
UniformsTech Rescue Suit
0%
AttractionsThree Guys Burgers & Fries
0%
AttractionsTool Store
0%
Retired VehiclesToyota MR2
0%
Retired VehiclesToyota Prius
0%
Department Of TransportationToyota Tacoma
0%
Civilian ItemsToys
0%
Department of Transportation ItemsTraffic Sign
0%
Civlian VehiclesTundra
0%
UniformsTurnout Pants & Tee
0%
Law Enforcement WeaponsType 89
0%
UniformsUniform With Jacket
0%
Law Enforcement ItemsUV Light
0%
AttractionsValley Transit Office
0%
Fire & Rescue ItemsWash Station
0%
AttractionsWaste Center
0%
Department of Transportation ItemsWork Light
0%
Civlian VehiclesWrangler
0%
Law Enforcement VehiclesX5
0%
Civlian VehiclesX5 M50i
0%

Score Distribution

Percentile by Number Answered

Percent of People with Each Score

Your Score History

You have not taken this quiz since the last reset